F1 Drivers Trivia (2025) #1 - Statistics

General Stats
  • This quiz has been taken 199 times
  • The average score is 9 of 10
Answer Stats
Question Answer % Correct
Which driver here drives for Ferrari? Charles Leclerc
100%
Who is the oldest F1 driver on the 2025 grid? Fernando Alonso
98%
Which driver here drives for Alpine? Jack Doohan
97%
Which driver here is NOT French? Charles Leclerc
95%
Who is the youngest driver on the 2025 grid? Kimi Antonelli
95%
Which driver here drives for Williams? Carlos Sainz
94%
Which driver here is British? Oliver Bearman
91%
Which driver here has entered the most Grand Prix? Oliver Bearman
80%
Which driver here has the most podiums? Lewis Hamilton
79%
Which driver here has the most points? Lewis Hamilton
53%
No matching quizzes found
Score Distribution
Percent of People with Each Score
Percentile by Number Answered
Your Score History
You have not taken this quiz